Data Structures And Algorithms/ (Record no. 195860)

MARC details
000 -LEADER
fixed length control field 00692nam a22002057a 4500
005 - DATE AND TIME OF LATEST TRANSACTION
control field 20230504153930.0
010 ## - LCCN (DPL NO)
LC control number ENG-136775
020 ## - INTERNATIONAL STANDARD BOOK NUMBER
International Standard Book Number 9789389146301
Terms of availability 270.00
035 ## - SYSTEM CONTROL NUMBER
System control number EN-120307
037 ## - SOURCE OF ACQUISITION
Source of stock number/acquisition DBAD/PUB
082 ## - DEWEY DECIMAL CLASSIFICATION NUMBER
Classification number 005.1
100 ## - MAIN ENTRY--PERSONAL NAME
Personal name R. Jayalakshmi
245 ## - TITLE STATEMENT
Title Data Structures And Algorithms/
Statement of responsibility, etc R. Jayalakshmi, G. Ramana & T. Balasubramanian
260 ## - PUBLICATION, DISTRIBUTION, ETC. (IMPRINT)
Place of publication, distribution, etc Tamil Nadu
Name of publisher, distributor, etc Shanlax Publications
Date of publication, distribution, etc 2019
270 ## - ADDRESS
Address 61,66 T.P.K. Main Road , Vasantha Nagar
City Madurai
Postal code 625003
Telephone number 0452-4208765, 7639303383
Electronic mail address publisher@shanlaxpublications.com
300 ## - PHYSICAL DESCRIPTION
Extent 207p.
Dimensions 24m(pbk)
700 ## - ADDED ENTRY--PERSONAL NAME
Personal name G. Ramana
700 ## - ADDED ENTRY--PERSONAL NAME
Personal name T. Balasubramanian
942 ## - ADDED ENTRY ELEMENTS (KOHA)
Source of classification or shelving scheme Dewey Decimal Classification
Item type English Books
Classification part 005.1
Call number suffix RJA
Holdings
Withdrawn status Lost status Not for loan Collection code Home library Current library Date acquired Source of acquisition Cost, normal purchase price Full call number Barcode Copy number Cost, replacement price Koha item type
      Non-fiction Shahdara Branch Shahdara Branch 04/05/2023 DBAD/PUB 270.00 005.1 RJA EN-120307 1 270.00 English Books

© Delhi Public Library
Hit Counter
free hit counter